000 01553nam a2200385Ia 4500
001 ebr10588758
003 CaPaEBR
006 m u
007 cr cn|||||||||
008 891220s1991 nyu sb s001 0beng d
010 _z 89026341
020 _z9780791404478
020 _z9781438422220
020 _z0791404471
020 _z079140448X
040 _aCaPaEBR
_cCaPaEBR
035 _a(OCoLC)794701278
050 1 4 _aBM755.J784
_bT57 1991eb
100 1 _aTirosh-Samuelson, Hava,
_d1950-
245 1 0 _aBetween worlds
_h[electronic resource] :
_bthe life and thought of Rabbi David ben Judah Messer Leon /
_cHava Tirosh-Rothschild.
260 _aAlbany :
_bState University of New York Press,
_cc1991.
300 _aviii, 385 p.
490 1 _aSUNY series in Judaica : Hermeneutics, mysticism, and religion
504 _aIncludes bibliographical references (p. 343-375) and index.
533 _aElectronic reproduction.
_bPalo Alto, Calif. :
_cebrary,
_d2011.
_nAvailable via World Wide Web.
_nAccess may be limited to ebrary affiliated libraries.
600 0 0 _aJudah ben Jehiel,
_d15th cent.
650 0 _aRabbis
_zItaly
_vBiography.
650 0 _aRabbis
_zTurkey
_vBiography.
650 0 _aJewish philosophers
_vBiography.
650 0 _aJudaism
_xDoctrines
_xHistory
_y16th century.
655 7 _aElectronic books.
_2local
710 2 _aebrary, Inc.
830 0 _aSUNY series in Judaica.
856 4 0 _uhttp://site.ebrary.com/lib/rucke/Doc?id=10588758
_zAn electronic book accessible through the World Wide Web; click to view
999 _c208463
_d208463